000 00510nam a22001577a 4500
008 160516b xxu||||| |||| 00| 0 eng d
020 _a1-932514-01-5
082 _22005
_aDC 610.73
_bC17t
100 _98251
_aCaputi, Linda.
245 _aTeaching nursing:
_bthe art and science/
_cLinda Caputi.
260 _aIllinois:
_bCollege of DuPage Press,
_cc2005.
300 _axix, 502 pages;
_c23 cm.
500 _aIncludes bibliographical references and index.
650 0 _98252
_aNursing education.
942 _2ddc
_cDC
999 _c2493
_d2493